00781nam a2200229 i 4500001000700000003000700007005001700014008004100031016004600072035002000118040003900138080001100177080001100188100004200199245010300241260005000344300002000394500006200414504001900476650002100495852003500516143753SpMaBN20250727033931.0891122s1951 ag spa 7 abimoBNE19910600332zSAB90000655532SpMaBN a(OCoLC)48286003 aSpMaBNbspacSpMaBNerdcdES-MaACL a330.85 a141.82 aSheen, Fulton J.d1895-19790XX82039113aEl Comunismo y la conciencia occidental /cFulton J. Sheen ; versión castellana de León Mirlas aBuenos Aires :bEspasa-Calpe Argentina,c1951 a212 p. ;c22 cm aTraducción de: Communism and the conscience of the west aBibliografía 7aComunismo2embne aES-MaACLbR.31985cSVIjD-7776